| 000 | 00354nam a2200133Ia 4500 | ||
|---|---|---|---|
| 005 | 20251222141759.0 | ||
| 008 | 251222s9999||||xx |||||||||||||| ||spa|| | ||
| 020 | _a978-612-4102-04-2 | ||
| 082 | _a330.122/G49 | ||
| 100 | _aGiraud, Gael | ||
| 245 | 0 | _a20 Propuestas para Reformar el Capitalismo | |
| 264 | _bPontificia Universidad Javeriana | ||
| 942 | _cLIB | ||
| 999 |
_c6091 _d6091 |
||